Los problemas de la alimentación humana : orientaciones modernas / por Manuel Tremoleda Dilmer ... orientaciones modernas / por Manuel Tremoleda Dilmer ...
Descripción Física:
77 p. : il. ; 21 cm
Materias:
Nutrició
MARC
| LEADER | 00000nam a2200000Ia 4500 | ||
|---|---|---|---|
| 001 | 7975 | ||
| 008 | 160829s1942 xx 000 0 cat d | ||
| 080 | |a C-2-123 | ||
| 100 | |a Tremoleda Dilmer, Manuel |9 48484 | ||
| 245 | |a Los problemas de la alimentación humana : |b orientaciones modernas / por Manuel Tremoleda Dilmer ... | ||
| 260 | |a Barcelona : |b Diputación Provincial. Servicios Técnicos de Agricultura, |c 1942 | ||
| 300 | |a 77 p. : |b il. ; |c 21 cm | ||
| 490 | |a Publicaciones divulgadoras de los Servicios Técnicos de Agricultura ; 7 | ||
| 650 | |a Nutrició |9 33420 | ||
| 710 | 1 | |a Barcelona (Catalunya : Província). |b Servicios Técnicos de Agricultura |9 54614 | |
| 901 | |a Arxiu | ||
| 942 | |n 1 | ||
| 952 | |0 0 |1 0 |4 0 |6 C2123 |7 1 |9 41376 |a Arxiu |b Arxiu |d 2016-12-01 |l 0 |o C-2-123 |p 7975 |r 2016-12-01 00:00:00 |w 2016-12-01 |y ARXIU | ||
| 999 | |c 43183 |d 43183 | ||